[Event "FRA-chT2"]
[Site "France"]
[Date "2002.01.19"]
[Round "5"]
[White "Duquesnoy, Jean Philippe"]
[Black "Petrov, Vojislav"]
[Result "1/2-1/2"]
[WhiteElo "2278"]
[BlackElo "2065"]
[PlyCount "101"]
[EventDate "2002.??.??"]
[EventType "team"]
[EventRounds "11"]
[EventCountry "FRA"]
[SourceTitle "EXT 2003"]
[Source "ChessBase"]
[SourceDate "2002.11.25"]
[SourceVersion "1"]
[SourceVersionDate "2002.11.25"]
[SourceQuality "1"]

1. d4 Nf6 2. Bg5 e6 3. e4 h6 4. Bxf6 Qxf6 5. c3 b6 6. Bd3 Bb7 7. Ne2 c5 8. 0-0 cxd4 9. cxd4 Nc6 10. e5 Qh4 11. g3 Qg4 12. f3 Qg5 13. f4 Qh5 14. Nbc3 Nb4 15. Be4 Bxe4 16. Nxe4 Nd5 17. N2c3 Qxd1 18. Rfxd1 Nxc3 19. Nxc3 Be7 20. Rac1 0-0 21. Rc2 Rfc8 22. Rdc1 Rc6 23. d5 Bc5+ 24. Kg2 exd5 25. Nxd5 a5 26. Rd1 Kf8 27. Kf3 d6 28. Ke4 dxe5 29. fxe5 Re8 30. Nxb6 Rxb6 31. Rxc5 Rxb2 32. Rxa5 Re2+ 33. Kf4 Rf2+ 34. Ke4 Rxh2 35. Kf3 Rc2 36. Rd3 g6 37. a4 Rec8 38. Rad5 R2c3 39. R5d4 Ke7 40. Ke4 Rxd3 41. Rxd3 Rc5 42. Rd4 h5 43. Rb4 Rc3 44. Kf4 Ra3 45. Rd4 f6 46. exf6+ Kxf6 47. Rd6+ Kg7 48. Ra6 Kf7 49. Ra7+ Kf6 50. Ra6+ Kf7 51. Ra7+ 1/2-1/2